The Daily Telegraph recruitment handbook

Bibliographic Details
Main Author: Leighton, Patricia (Author)
Format: Book
Published: London : Kogan Page , 1982
Edition:2nd ed
Subjects:

MARC

LEADER 00000cam a2200000 7i4500
001 0000005163
005 20220815093000.0
008 021118s1982
020 |a 0749402032 
090 0 0 |a HF5549.5.R44   |b D34 1982 
245 0 4 |a The Daily Telegraph recruitment handbook   |c consultant editor Patricia Leighton 
250 |a 2nd ed 
260 2 |a London :   |b Kogan Page ,   |c 1982 
300 |a xi, 212 p. ;   |c 23 cm. 
500 |a Includes index 
650 0 |a Employees   |x Recruiting   |v Handbooks, manuals, etc. 
650 0 |a Employees   |x Recruiting   |z Great Britain   |v Handbooks, manuals, etc. 
700 1 |a Leighton, Patricia ,   |e author 
745 0 0 |a Recruitment handbook 
999 |a 1000011274   |b Book   |c OPEN SHELF (30 DAYS)   |e Gong Badak Campus